000 00729nas a2200229 4500
001 BR2011001317
003 BR-BrBNA
005 20231205114505.0
007 ta
008 230509b bl.|||p| |||| 00| 00por d
040 _aBR-BrBNA
_bpor
_cBiblioteca Nacional de Agricultura
041 _a(Pt)
072 _aL10
100 1 _aLima, M.G.F.
100 1 _aRodrigues, L.H.A.
245 1 _aÁrvore de decisão aplicada em dados de incubação de matrizes de postura hy-line W36
650 _aAVICULTURA
650 _aMODELO MATEMÁTICO
773 0 _tCiência e Agrotecnologia (Brazil)
_xISSN 1413-7054
_g(Nov-Dec 2010), v. 34(6) p. 1550-1556
_wBR2011001317
909 _a202311
_bLúcia
_c55
_dLúcia Elande
942 _2AGRIS
_n0
_cANA
999 _c209011
_d209011